000
00280nam a2200133Ia 4500
008
260604s9999 xx 000 0 und d
020
_a
9789349983991
082
_a
824 MOH
100
_a
MOHANTY
_9
35408
245
0
_a
MISS OR TAKE
260
_b
DPS
500
_a
Life
942
_c
BK
999
_c
8223
_d
8223